000 00812nmm a2200265 a 4500
001 ocm0001411536
003 TR-IsHL
005 20201028163819.0
008 160220s2015 tu tur
007 cr cn
020 _a9786051628073
035 _a1411536
_b(N$T)
050 0 4 _aPL248.E45
_bK8 2015
090 0 4 _aPL248.E45
_bK8 2015
100 1 _aEminel, Semra
245 1 0 _aKurtulan
_h[electronic resource] /
_cSemra Eminel
260 _aİstanbul :
_bNesil Yayınları,
_c2015
300 _a368 p.
650 4 _aDil ve Edebiyat
650 4 _aLanguage and Literature
650 0 _aTürk romanı
650 0 _aTurkish fiction
650 7 _aLITERARY COLLECTIONS / Middle Eastern
_2bisacsh
856 4 0 _uhttp://search.ebscohost.com/login.aspx?direct=true&scope=site&db=e011xww&AN=1411536
999 _c15447
_d15447